Les 17 Intercommunalités de l'Hérault - Statistiques

Statistiques générales
  • Ce quiz a été pris 47 fois
  • Le résultat moyen est 6 sur 17
Statistiques - réponses
Population Intercommunalités % Correct
499 761 Montpellier Méditerranée Métropole
95%
127 786 Béziers-Méditerranée
85%
127 927 Sète Agglopôle Méditerranée
72%
51 191 Pays de Lunel
67%
45 099 Pays de l'Or
62%
28 410 Clermontais
49%
50 490 Grand Pic Saint-Loup
28%
13 162 Cévennes Gangeoises et Suménoises
26%
19 958 Grand Orb
23%
14 792 Lodévois de Larzac
21%
7 978 Monts de Lacaune et de la Montagne du Haut Languedoc
18%
41 070 Vallée de l'Hérault
18%
14 871 Minervois au Caroux
15%
17 999 Sud-Hérault
13%
81 737 Hérault-Méditerranée
10%
27 534 Les Avant-Monts
10%
28 852 La Domitienne
8%
Aucun quiz correspondant
Distribution des résultats
% des personnes avec chaque résultat
Percentile par nombre de réponses
Votre historique - résultats
Vous n’avez pas pris ce quiz